[Event "29.Schlosspark-Open"]
[Site "Wiesbaden-Biebrich"]
[Date "2017.08.27"]
[Round "6.82"]
[White "Ochs, Daniel Elias"]
[Black "Künne, Lutz"]
[Result "1/2-1/2"]
[WhiteElo "1571"]
[BlackElo "1635"]
[PlyCount "114"]
[EventDate "2017.??.??"]
[WhiteTeam "Wiesbadener SV"]
[BlackTeam "KC Jena"]

1. d4 d5 2. c4 c6 3. Nf3 Nf6 4. e3 dxc4 5. Bxc4 b5 6. Be2 e6 7. O-O Bd6 8. Qc2
Bb7 9. Nc3 Nbd7 10. Rd1 a6 11. Ne4 Nxe4 12. Qxe4 Nf6 13. Qh4 O-O 14. b3 Nd5 15.
Qxd8 Rfxd8 16. Bb2 c5 17. Rac1 Rac8 18. Ba3 b4 19. Bb2 a5 20. Ng5 Be7 21. Nf3
Nb6 22. Ne5 a4 23. Nc4 Nxc4 24. Bxc4 a3 25. Ba1 Bf6 26. dxc5 Rxd1+ 27. Rxd1
Bxa1 28. Rxa1 Rxc5 29. Rd1 g6 30. f3 Bd5 31. Rc1 Bxc4 32. bxc4 Kf8 33. Kf2 Ke7
34. e4 Kd6 35. Ke3 Rc7 36. Kd3 Kc5 37. Kc2 Rd7 38. Kb3 Rd3+ 39. Ka4 Rc3 40. Rb1
Rxc4 41. Rb3 e5 42. Rd3 Rd4 43. Rb3 h5 44. Rb1 h4 45. Kb3 f6 46. Rc1+ Kb5 47.
Rc8 f5 48. exf5 gxf5 49. Re8 Rd3+ 50. Kc2 Re3 51. Kd2 f4 52. g3 hxg3 53. hxg3
Kc4 54. Kc2 Rxf3 55. gxf4 Rxf4 56. Rxe5 Rf2+ 57. Kb1 Rf1+ 1/2-1/2

[Event "29.Schlosspark-Open"]
[Site "Wiesbaden-Biebrich"]
[Date "2017.08.27"]
[Round "6.83"]
[White "Policarpo, Raphael"]
[Black "Vogt, Johannes"]
[Result "1/2-1/2"]
[WhiteElo "1635"]
[BlackElo "1511"]
[PlyCount "52"]
[EventDate "2017.??.??"]
[WhiteTeam "SC Heusenstamm"]
[BlackTeam "SG Mörsdorf-Lahr"]

1. e4 e5 2. Nf3 Nf6 3. Nxe5 d6 4. Nf3 Nxe4 5. d3 Nf6 6. Bg5 Be7 7. Nc3 O-O 8.
Be2 Nc6 9. O-O Bg4 10. h3 Bh5 11. Qd2 Re8 12. Rfe1 Bg6 13. d4 d5 14. Nh4 Ne4
15. Bxe7 Qxe7 16. Nxg6 Nxd2 17. Nxe7+ Rxe7 18. Nxd5 Rd7 19. Nc3 Nxd4 20. Bf3
N2xf3+ 21. gxf3 Nxf3+ 22. Kg2 Nxe1+ 23. Rxe1 g6 24. Re4 Rad8 25. Kf3 f5 26. Re3
c6 1/2-1/2

[Event "29.Schlosspark-Open"]
[Site "Wiesbaden-Biebrich"]
[Date "2017.08.27"]
[Round "6.84"]
[White "Jahraus, Marlis"]
[Black "Seeger, Alexandra"]
[Result "0-1"]
[WhiteElo "1563"]
[BlackElo "1615"]
[PlyCount "60"]
[EventDate "2017.??.??"]
[WhiteTeam "SC Untergrombach"]
[BlackTeam "SC Rohrbach-Boxberg"]

1. f4 d5 2. g3 Nf6 3. Bg2 e6 4. Nf3 Be7 5. O-O O-O 6. d3 c5 7. Qe1 Qb6 8. e3
Nc6 9. c4 Rd8 10. b3 dxc4 11. dxc4 Nb4 12. Qe2 Bd7 13. Nbd2 Bc6 14. e4 Nc2 15.
Rb1 Nd4 16. Nxd4 cxd4 17. Qd3 Nd7 18. Kh1 e5 19. Nf3 Nc5 20. Qd1 Nxe4 21. Qe1
Bb4 22. Bd2 Nxd2 23. Nxd2 Bxg2+ 24. Kxg2 Qc6+ 25. Kg1 d3 26. fxe5 Bc5+ 27. Rf2
Re8 28. Ne4 Rxe5 29. Rd1 Rxe4 30. Qf1 Re2 0-1

[Event "29.Schlosspark-Open"]
[Site "Wiesbaden-Biebrich"]
[Date "2017.08.27"]
[Round "6.85"]
[White "Adlhoch, Walter"]
[Black "Fernandez Garcia, Alfonso Javier"]
[Result "1/2-1/2"]
[WhiteElo "1560"]
[BlackElo "1598"]
[PlyCount "60"]
[EventDate "2017.??.??"]
[WhiteTeam "SK Schwandorf"]
[BlackTeam "SV Neu-Isenburg"]

1. d4 Nf6 2. Nf3 g6 3. c4 Bg7 4. Nc3 O-O 5. Bg5 d6 6. e3 Nbd7 7. Be2 c5 8. O-O
Re8 9. Qc2 a6 10. Rad1 Qc7 11. d5 Nb6 12. b3 Bd7 13. Qd3 h6 14. Bh4 Rab8 15. h3
Qc8 16. Nh2 Bf5 17. e4 Bd7 18. Bg3 Nh7 19. Bg4 Nf8 20. Bxd7 Nfxd7 21. f4 Rf8
22. Nf3 Qe8 23. e5 dxe5 24. fxe5 e6 25. dxe6 Qxe6 26. Rfe1 Rfe8 27. Nd5 Rbc8
28. Qe4 Rc6 29. Qd3 Rcc8 30. Qe4 Qc6 1/2-1/2

[Event "29.Schlosspark-Open"]
[Site "Wiesbaden-Biebrich"]
[Date "2017.08.27"]
[Round "6.86"]
[White "Brockmann, Marcus"]
[Black "Schneider, Luca"]
[Result "0-1"]
[WhiteElo "1585"]
[BlackElo "1433"]
[PlyCount "102"]
[EventDate "2017.??.??"]
[WhiteTeam "Schachforum Darmstadt"]
[BlackTeam "FC Bierstadt"]

1. e4 Nf6 2. e5 Nd5 3. d4 d6 4. c4 Nb6 5. f4 dxe5 6. fxe5 Nc6 7. Be3 Bf5 8. a3
g6 9. Nf3 Bg7 10. Be2 O-O 11. O-O a5 12. Nc3 Bg4 13. Qd2 Qd7 14. Ne4 Rad8 15.
Rad1 Qc8 16. Bh6 Bxf3 17. Bxf3 Rxd4 18. Qg5 Rxd1 19. Bxd1 Kh8 20. Bxg7+ Kxg7
21. Bb3 Qe6 22. Nc5 Qxe5 23. Qxe5+ Nxe5 24. Nxb7 Nexc4 25. Rc1 Rb8 26. Bxc4
Rxb7 27. Ba6 Ra7 28. Be2 Nd5 29. Re1 e6 30. Bf3 c6 31. Rc1 Ra6 32. Rc5 Kf6 33.
Be2 Rb6 34. Rxa5 Rxb2 35. Bf3 Ra2 36. h3 Ke5 37. Ra4 c5 38. Re4+ Kd6 39. a4 Nc3
40. Rh4 h5 41. Kh2 Rxa4 42. Kg3 Rxh4 43. Kxh4 f6 44. g4 hxg4 45. Bxg4 e5 46.
Kg3 f5 47. Bf3 e4 48. Bh1 Ke5 49. Kh4 Ne2 50. Kg5 Nf4 51. h4 c4 0-1

[Event "29.Schlosspark-Open"]
[Site "Wiesbaden-Biebrich"]
[Date "2017.08.27"]
[Round "6.87"]
[White "Busch, Günther"]
[Black "Schmitz, Bernhard Hubert"]
[Result "1/2-1/2"]
[WhiteElo "1561"]
[BlackElo "1394"]
[PlyCount "53"]
[EventDate "2017.??.??"]
[WhiteTeam "FC Bierstadt"]
[BlackTeam "Vorw.Orient Mainz"]

1. Nf3 c5 2. b3 Nf6 3. c4 e6 4. g3 g6 5. Bg2 Bg7 6. Bb2 O-O 7. O-O Re8 8. d3 d5
9. Nbd2 d4 10. Qc2 e5 11. e4 Nc6 12. a3 Be6 13. Ng5 Bc8 14. Ngf3 b6 15. Rfb1 h6
16. Bc1 Be6 17. h3 Rf8 18. b4 Nd7 19. bxc5 Nxc5 20. Nb3 Nxb3 21. Rxb3 Na5 22.
Rb2 Nb7 23. Bd2 Rc8 24. Rab1 Qc7 25. a4 Rb8 26. Rb5 Bd7 27. R5b2 1/2-1/2

[Event "29.Schlosspark-Open"]
[Site "Wiesbaden-Biebrich"]
[Date "2017.08.27"]
[Round "6.88"]
[White "Hedrich, Gerd"]
[Black "Lorenz, Hermann"]
[Result "0-1"]
[WhiteElo "1547"]
[BlackElo "1629"]
[PlyCount "84"]
[EventDate "2017.??.??"]
[WhiteTeam "Wiesbadener SV"]
[BlackTeam "SF Mainz"]

1. Nf3 g6 2. d4 Bg7 3. Bf4 Nf6 4. c4 d6 5. e3 O-O 6. Nc3 Nbd7 7. Bd3 c6 8. O-O
Nh5 9. Ne2 Nxf4 10. Nxf4 c5 11. Ne2 Rb8 12. Qd2 cxd4 13. exd4 Nf6 14. h3 b6 15.
d5 Bd7 16. Rac1 a6 17. b3 b5 18. Nc3 b4 19. Ne4 Nxe4 20. Bxe4 a5 21. Nd4 Rc8
22. Rfe1 Qb6 23. Ne2 e5 24. Qe3 Qd8 25. Bc2 f5 26. Kh2 f4 27. Qf3 Qh4 28. Rh1
g5 29. Kg1 Be8 30. Be4 Bd7 31. Qd3 Rf6 32. Rf1 Rcf8 33. Bf3 Bf5 34. Be4 f3 35.
gxf3 Bxe4 36. Qxe4 Rxf3 37. Qxh4 gxh4 38. Rh2 Kh8 39. Re1 Bh6 40. Kf1 Be3 41.
Ng1 Rxf2+ 42. Rxf2 Rxf2# 0-1

[Event "29.Schlosspark-Open"]
[Site "Wiesbaden-Biebrich"]
[Date "2017.08.27"]
[Round "6.89"]
[White "Manuelyan, Nubar"]
[Black "Klinke, Roland"]
[Result "1-0"]
[WhiteElo "1562"]
[BlackElo "1410"]
[PlyCount "65"]
[EventDate "2017.??.??"]
[WhiteTeam "SV Bodenheim"]
[BlackTeam "TuS Dotzheim"]

1. c4 c5 2. Nc3 Nf6 3. Nf3 d5 4. cxd5 Nxd5 5. g3 g6 6. Bg2 Bg7 7. O-O O-O 8.
Qb3 Nxc3 9. dxc3 Nd7 10. Rd1 Qb6 11. Be3 Qxb3 12. axb3 a6 13. Rd2 b6 14. Ne5
Ra7 15. Nc6 Rc7 16. Nxe7+ Kh8 17. Nxc8 Rfxc8 18. Rad1 Nf6 19. Rd8+ Rxd8 20.
Rxd8+ Ng8 21. Ra8 b5 22. Rxa6 b4 23. Rc6 Rxc6 24. Bxc6 bxc3 25. bxc3 Bxc3 26.
Bxc5 Be5 27. b4 g5 28. b5 Nf6 29. b6 Kg8 30. e3 g4 31. Bd4 Bxd4 32. exd4 Kf8
33. b7 1-0